Name a City - Places #1 - Statistics

General Stats
  • This quiz has been taken 2,696 times
    2,252 since last reset
  • The average score is 10 of 18
Answer Stats
Place / Category Cities % Correct
India Kolkata | Chennai | Bengaluru | Hyderabad | Ahmedabad
92%
Spain Barcelona | Valencia | Sevilla | Bilbao | Malaga
87%
Netherlands Rotterdam | The Hague | Utrecht | Eindhoven | Leiden
83%
Portugal Vila Nova de Gaia | Porto | Matosinhos | Amadora | Braga
82%
Beginning with L Los Angeles | London | Lahore | Lima | Luanda
66%
Denmark Aarhus | Odense | Aalborg | Esbjerg | Randers
63%
Southern Hemisphere São Paulo | Buenos Aires | Johannesburg | Rio de Janeiro | Kinshasa
63%
Iraq Mosul | Basra | Kirkuk | Erbil | Najaf
61%
Michigan Grand Rapids | Flint | Ann Arbor | Kalamazoo | Muskegon
57%
Indonesia Surabaya | Bandung | Bekasi | Medan | Tangerang
51%
With an elevation above 3,000 meters La Paz | Cusco | Huancayo | Lhasa | Juliaca
46%
Vietnam Da Nang | Hai Phong | Can Tho | Bien Hoa | Hue
42%
Oregon Eugene | Medford | Bend | Corvallis | Albany
41%
H countries Tegucigalpa | Port-au-Prince | Debrecen | San Pedro Sula | Carrefour | Delmas
41%
Pearl River Delta Shenzhen | Dongguan | Foshan | Hong Kong | Huizhou
40%
Within 200 mi of Nashville, TN Huntsville | Knoxville | Chattanooga | Clarksville | Murfreesboro
34%
North of 56 °N Stockholm | Yekaterinburg | Helsinki | Nizhny Novgorod | Krasnoyarsk
29%
British Columbia Surrey | Burnaby | Richmond | Langley | Abbottsford
20%
No matching quizzes found
Score Distribution
Percent of People with Each Score
Percentile by Number Answered
Your Score History
You have not taken this quiz since the last reset